00728nam a2200205 4500003000700000005001700007008004100024040004100065050002200106100002100128245016600149260002100315300003300336336002300369337003000392338002700422650002300449650001600472650003400488CBULib20250210104347.0250210b |||||||| |||| 00| 0 eng d bEnglishcCBULiberdaaCBULibdCBULib aCBU-PHDTHESIS/KAM aKamangu ,Lillian aEvaluation of antibiotic prescribing patterns and associated factors among dental practitioners on the copperbelt and Lusaka Province,Zambiac/by lillian Kamangu aNdolabCBUc2021 aiii,36 Pages : illustrations 2rdacontentaText | 2rdamediaaUnmediated |bn 2rdacarrieraVolumebnc 0aDENTAL PRACTIONERS 0aANTIBIOTIC  0aPRESCRIBING PATTERN IN DENTAL